000 00455nam a2200181Ia 4500
001 1369
005 20260306143723.0
008 260306t1998||||xx |||||||||||||| ||spa||
041 _aESP
082 _a196.1
_bO73Q
100 _aOrtega y Gasset, José.
_eAUT
245 0 _a¿Qué es la filosofía?:
_bUnas lecciones de metafísica
260 _c1998
300 _a209 páginas :
_c21 cm.
650 _aGEN
654 _aCHU
942 _cLIB
_dJUS
_fJUS
_2ddc
_n
999 _c1369
_d1369